Handbook of Relationship Marketing (Record no. 227144)

MARC details
000 -LEADER
fixed length control field 00507nam a2200205Ia 4500
008 - FIXED-LENGTH DATA ELEMENTS--GENERAL INFORMATION
fixed length control field 240823s9999||||xx |||||||||||||| ||und||
020 ## - INTERNATIONAL STANDARD BOOK NUMBER
International Standard Book Number 81-7829-104-5
082 ## - DEWEY DECIMAL CLASSIFICATION NUMBER
-- 658.802 P2
100 ## - MAIN ENTRY--PERSONAL NAME
Personal name Jagdish N Sheth
245 #0 - TITLE STATEMENT
Title Handbook of Relationship Marketing
250 ## - EDITION STATEMENT
Edition statement 1st
260 ## - PUBLICATION, DISTRIBUTION, ETC. (IMPRINT)
Date of publication, distribution, etc 2002
Name of publisher, distributor, etc "Response Books,New "
500 ## - GENERAL NOTE
General note YES
650 ## - SUBJECT ADDED ENTRY--TOPICAL TERM
Topical term or geographic name as entry element Management
700 ## - ADDED ENTRY--PERSONAL NAME
Personal name Athul Parvatiyar
942 ## - ADDED ENTRY ELEMENTS (KOHA)
Item type Books
Holdings
Withdrawn status Lost status Damaged status Permanent location Current location Date acquired Source of acquisition Full call number Barcode Date last seen Koha item type
      CENTRAL LIBRARY, NOORUL ISLAM CENTRE FOR HIGHER EDUCATION CENTRAL LIBRARY, NOORUL ISLAM CENTRE FOR HIGHER EDUCATION 09/20/2017 "Book On Wheels, Tirunelveli" 658.802 P2 75690 08/23/2024 Books
Visitors:
Copyright © 2024 Central Library NICHE.  All rights reserved.